Cambios estructurales en el transporte regular por buques de linea: perspectivas y consecuencias para la formulación de políticas

保存先:
書誌詳細
共著者: Naciones Unidas (著者), CEPAL (著者)
フォーマット: 図書
言語:スペイン語
出版事項: Nueva York Naciones Unidas 1978
Nueva York CEPAL 1978
主題:
タグ: タグ追加
タグなし, このレコードへの初めてのタグを付けませんか!

MARC

LEADER 00000nam a2200000 a 4500
001 UCU2825
003 CL-VaPUC
008 960426e19780000us |||||||||||||||||spa|d
082 0 4 |a 387.54  |b NAC  |2 21 
110 2 |a Naciones Unidas  |e author  |9 359370 
710 2 |a CEPAL  |e author  |9 359371 
245 1 0 |a Cambios estructurales en el transporte regular por buques de linea: perspectivas y consecuencias para la formulación de políticas 
300 |a 80 p 
942 |c BK 
945 |d 19960426 00:00:00  |a lriquelm 
260 |a Nueva York  |b Naciones Unidas  |c 1978 
260 |a Nueva York  |b CEPAL  |c 1978 
650 7 |a TRANSPORTE  |2 CL-VaPUC  |9 256365 
650 0 |a Transporte marítimo  |9 260127 
650 7 |a BUQUES MERCANTES  |2 CL-VaPUC  |9 358741 
650 7 |a SERVICIOS DE TRANSPORTE  |2 CL-VaPUC  |9 358013 
650 0 |a Tráfico marítimo  |9 348395 
583 |a last modification  |c 20171127 02:38:14  |k Rodrigo Vera 
999 |c 247035  |d 247033 
952 |0 0  |1 0  |4 0  |6 387_540000000000000_NAC_1978_1978  |7 0  |8 A  |9 262555  |a BIBING  |b BIBING  |d 2019-11-19  |i 1646311  |o 387.54 NAC 1978 1978  |p 1646311  |r 2025-01-20  |w 2019-11-19  |y BK  |k ING 
952 |0 0  |1 0  |4 0  |6 387_540000000000000_NAC_1978_1978  |7 0  |8 A  |9 262556  |a BIBING  |b BIBING  |d 2019-11-19  |i 1646540  |o 387.54 NAC 1978 1978  |p 1646540  |r 2025-01-20  |w 2019-11-19  |y BK  |k ING 
952 |0 0  |1 0  |4 0  |6 387_540000000000000_NAC_1978_1978  |7 0  |8 A  |9 262557  |a BIBING  |b BIBING  |d 2019-11-19  |i 1646400  |o 387.54 NAC 1978 1978  |p 1646400  |r 2025-01-20  |w 2019-11-19  |y BK  |k ING